| 000 | 01724nam0a2200397 4500 | ||
|---|---|---|---|
| 001 | RU\NLR\ONL1\874 | ||
| 005 | 20260204000000.0 | ||
| 035 | _a(NLR Aleph) 009629632 | ||
| 090 |
_a9485116 _c9485116 |
||
| 100 | _a20020527d1939 u y0rusy50 ca | ||
| 101 | 0 | _avog | |
| 102 | _aRU | ||
| 105 | _aa ||||||||| | ||
| 135 | _acrcn 024anaba | ||
| 200 | 9 |
_aВячеслав Михайлович Молотов _eТав олум вармале магыс мань потыр _fТихомирнов В. М. |
|
| 210 |
_aЛ. _cИзд-во Главсевморпути _d1939 |
||
| 215 |
_a34 с. _cпортр. _d17 |
||
| 300 | _aНа обл. автор не указан | ||
| 325 | _aКопия доступна в Электрон. б-ке РНБ | ||
| 541 | 1 |
_aВячеслав Михайлович Молотов _eКраткая биография _zrus |
|
| 600 | 0 | 1 |
_aМолотов _bВ.М. _f1890 - 1986 _gВячеслав Михайлович _92163184 _3RU\NLR\auth\661301702 |
| 600 | 0 | 1 |
_aМолотов _bВячеслав Михайлович _2psbo |
| 686 | 1 | _aФ61(2)8 | |
| 700 | 1 |
_aТихомирнов _bГ. А. _gГерман Александрович _4070 |
|
| 801 | 0 |
_aRU _bNLR _c20020527 _gPSBO |
|
| 852 |
_aNLR _bОНЛ _jМанс./2-2 |
||
| 856 | 0 | _uhttps://vivaldi.nlr.ru/bx700004095/view | |
| 856 | 1 | _uhttps://vivaldi.nlr.ru/bx700004095/cover | |
| 856 | 2 | _uhttps://vivaldi.nlr.ru/bx700004095/text | |
| 942 | _cBOOK | ||
| 980 | _aNB | ||
| 981 | 2 | 3 |
_a(23) Национальные литературы _b(23) Книги на национальных языках |